000 00410 a2200157 4500
001 87392
022 _a978-1-119-97866-4
082 _a623.7469 FAH
090 _c41023
_d41023
100 _aFahlstrom Paul Gerin; Thomas James Gleason
245 _aIntroduction to UAV Systems
_hEnglish
250 _a4th
260 _aUK
_bJohn Willey & Sons
_c2012
300 _axxvii, 280p.
500 _aAvionics
942 _aCAE NUST
_cAE
_k623.7469/FAH
999 _c322465
_d322465